00229 a2200097 4500001000700000040003500007100002100042240003200063245002700095362000900122153582 cEscola São Tomás de Aquino aCARRASCO, Walcyr10aO mistério da gruta lpor10aO mistério da gruta 0 a2002